000 01279nam a2200325Ia 4500
001 ebr10448424
003 CaPaEBR
006 m u
007 cr cn|||||||||
008 041007s2005 meub sb 001 0 eng d
010 _z 2004023585
020 _z1931930090
020 _z9781931930093
040 _aCaPaEBR
_cCaPaEBR
035 _a(OCoLC)60361686
050 1 4 _aDS556.3
_b.A74 2005eb
100 1 _aAshwill, Mark A.
245 1 0 _aVietnam today
_h[electronic resource] :
_ba guide to a nation at a crossroads /
_cMark A. Ashwill with Thai Ngoc Diep.
260 _aYarmouth, ME :
_bIntercultural Press,
_c2005.
300 _axxvii, 188 p. :
_b1 map.
504 _aIncludes bibliographical references (p. [179]-181) and index.
533 _aElectronic reproduction.
_bPalo Alto, Calif. :
_cebrary,
_d2011.
_nAvailable via World Wide Web.
_nAccess may be limited to ebrary affiliated libraries.
650 0 _aBusiness etiquette
_zVietnam.
650 0 _aNational characteristics, Vietnamese.
651 0 _aVietnam.
655 7 _aElectronic books.
_2local
700 1 _aThai, Ngoc Diep,
_d1975-
710 2 _aebrary, Inc.
856 4 0 _uhttp://site.ebrary.com/lib/rucke/Doc?id=10448424
_zAn electronic book accessible through the World Wide Web; click to view
999 _c137724
_d137724